| 000 | 00531nam a22001937a 4500 | ||
|---|---|---|---|
| 003 | NUST - PNEC | ||
| 005 | 20170116180806.0 | ||
| 008 | 150422b xxu||||| |||| 00| 0 eng d | ||
| 020 | _a0072819332 | ||
| 040 | _cLIBRARY | ||
| 082 | _a332.63 LUN | ||
| 100 |
_92975 _aLundholm, Russell |
||
| 245 |
_aEquity valuation and analysis with eVal _cRussell Lundholm |
||
| 250 | _a- | ||
| 260 |
_aNew York _bMcGraw-Hill / Irwim _cc2004. |
||
| 300 |
_a252 p. : _c24 cm. |
||
| 650 |
_92980 _aCorporations--Valuation _xIME |
||
| 942 |
_2ddc _cBK |
||
| 999 |
_c63190 _d63190 |
||